Význam a postavenie čínskych štátnych firiem vo svetovom hospodárstve diplomová práca

Na minha lista:
Detalhes bibliográficos
Autor principal: Šimkovic, Tomáš
Autor Corporativo: Obchodná fakulta EU. Katedra medzinárodného obchodu
Outros Autores: Lacek, Dušan
Formato: Livro
Idioma:eslovaco
Publicado em: Bratislava 2013
Tags: Adicionar Tag
Sem tags, seja o primeiro a adicionar uma tag!

MARC

LEADER 00000nbm a2200000 4500
001 0169698
005 20161109102320.9
041 0 |a slo 
044 |a SK 
245 1 0 |a Význam a postavenie čínskych štátnych firiem vo svetovom hospodárstve  |b diplomová práca  |c Tomáš Šimkovic ; školiteľ: Dušan Lacek 
264 1 |a Bratislava  |c 2013 
300 |a 84 s. 
100 1 |a Šimkovic, Tomáš 
700 1 |a Lacek, Dušan 
710 2 |a Obchodná fakulta EU. Katedra medzinárodného obchodu